000
00280nam a2200109Ia 4500
008
230907s9999||||xx |||||||||||||| ||und||
082
_a
621.3815
_b
ALE
245
0
_a
Fundamentals of electric circuits /
260
_a
McGraw-Hill,
_b
Chennai :
_c
2019
300
_a
903 p.
942
_c
BK
999
_c
601395
_d
601395